[Event "Serbia op-A"]
[Site "Belgrade"]
[Date "2025.07.22"]
[Round "8"]
[White "Mehmed, Elif"]
[Black "Buyankhishig, Batpelden"]
[Result "1/2-1/2"]
[WhiteElo "2262"]
[BlackElo "2015"]
[PlyCount "96"]
[EventDate "2025.07.14"]
[EventType "swiss"]
[EventRounds "9"]
[EventCountry "SRB"]
[SourceTitle "CB30_2025"]
[SourceDate "2025.07.23"]
[SourceVersion "1"]
[SourceVersionDate "2025.07.23"]
[SourceQuality "1"]

1. e4 e5 2. Nf3 Nc6 3. c3 Nf6 4. d4 exd4 5. e5 Nd5 6. cxd4 d6 7. Bb5 Be7 8. Nc3 Be6 9. 0-0 0-0 10. exd6 cxd6 11. h3 Qa5 12. Nxd5 Bxd5 13. Bd3 Bf6 14. Be3 Qb4 15. Nh2 g6 16. Ng4 Bxd4 17. a3 Qb3 18. Bc2 Qxb2 19. Rb1 Qc3 20. Bb3 Bxe3 21. Bxd5 Bb6 22. Rb3 Qd4 23. Rd3 Qg7 24. Bxc6 bxc6 25. Rxd6 Rfd8 26. Nf6+ Kh8 27. Re1 Qh6 28. Nd7 Re8 29. Nxb6 axb6 30. Rxc6 Rxe1+ 31. Qxe1 Qf8 32. Qb4 Qxb4 33. axb4 Ra1+ 34. Kh2 b5 35. Rb6 Kg7 36. Rxb5 h5 37. Rc5 Rb1 38. Rc4 Rb3 39. g3 Kf6 40. Kg2 Kg7 41. Kf1 Rb2 42. Ke1 g5 43. h4 f6 44. f4 Kg6 45. Kd1 g4 46. Ke1 Rb3 47. Kf2 Rf3+ 48. Kg2 Rb3 1/2-1/2

[Event "Serbia op-A"]
[Site "Belgrade"]
[Date "2025.07.21"]
[Round "7"]
[White "Buyankhishig, Batpelden"]
[Black "Gaivoronskii, Andrei"]
[Result "1-0"]
[WhiteElo "2015"]
[BlackElo "2185"]
[PlyCount "79"]
[EventDate "2025.07.14"]
[EventType "swiss"]
[EventRounds "9"]
[EventCountry "SRB"]
[SourceTitle "CB30_2025"]
[SourceDate "2025.07.23"]
[SourceVersion "1"]
[SourceVersionDate "2025.07.23"]
[SourceQuality "1"]

1. d4 g6 2. e4 Bg7 3. Nc3 d6 4. Be3 c6 5. Qd2 Nd7 6. f3 b5 7. g4 a5 8. Nce2 Nb6 9. Ng3 Nc4 10. Bxc4 bxc4 11. h4 Rb8 12. h5 Nf6 13. h6 Bf8 14. g5 Nd7 15. d5 c5 16. Qc3 Rg8 17. f4 Qb6 18. 0-0-0 Qb5 19. Bd2 e5 20. dxe6 fxe6 21. Nf3 Be7 22. f5 gxf5 23. exf5 d5 24. fxe6 Nb6 25. Nf5 Bxe6 26. Nxe7 d4 27. Nxd4 cxd4 28. Qxd4 Kxe7 29. Bb4+ Ke8 30. Qd6 Qxg5+ 31. Bd2 Qf5 32. Qxb8+ Nc8 33. Rhf1 Qc5 34. Bc3 Rg2 35. Qf4 Rg6 36. Bf6 Ne7 37. Bxe7 Qxe7 38. Qb8+ Bc8 39. Qxc8+ Qd8 40. Qxd8# 1-0

[Event "Serbia op-A"]
[Site "Belgrade"]
[Date "2025.07.17"]
[Round "4"]
[White "Sitbon, Itay"]
[Black "Buyankhishig, Batpelden"]
[Result "1/2-1/2"]
[WhiteElo "2206"]
[BlackElo "2015"]
[PlyCount "124"]
[EventDate "2025.07.14"]
[EventType "swiss"]
[EventRounds "9"]
[EventCountry "SRB"]
[SourceTitle "CB30_2025"]
[SourceDate "2025.07.23"]
[SourceVersion "1"]
[SourceVersionDate "2025.07.23"]
[SourceQuality "1"]

1. d4 Nf6 2. Nc3 d5 3. Bf4 e6 4. Nb5 Na6 5. e3 Be7 6. Nf3 0-0 7. h4 c6 8. Nc3 Qb6 9. a3 c5 10. Rb1 Nb8 11. dxc5 Qxc5 12. Nb5 Na6 13. Be5 Bd7 14. Bd4 Qc8 15. Ne5 Bxb5 16. Bxb5 Nc5 17. g4 a6 18. Be2 Nfd7 19. g5 Nxe5 20. Bxe5 f6 21. Bf4 Qc6 22. Rg1 e5 23. Bg3 Ne4 24. g6 hxg6 25. Bd3 f5 26. Bxe5 Bxh4 27. Bxe4 dxe4 28. c3 Qe6 29. Bd4 b5 30. Qe2 Kf7 31. Rd1 Rh8 32. Kd2 Qc4 33. f3 exf3 34. Qxf3 Be7 35. Rg2 Qe6 36. Rdg1 g5 37. Rxg5 Bxg5 38. Rxg5 Rad8 39. Qb7+ Ke8 40. Qxg7 Rh2+ 41. Kc1 Rd7 42. Qg6+ Qxg6 43. Rxg6 a5 44. Kb1 Re2 45. Re6+ Kd8 46. Rb6 Rd5 47. a4 bxa4 48. Ka2 Kc7 49. Rf6 Rb5 50. c4 Rb4 51. c5 Rc4 52. Rxf5 Rc1 53. c6 Ree1 54. b3 Re2+ 55. Ka3 axb3 56. Kxb3 Rb1+ 57. Ka3 a4 58. Rf6 Rc2 59. Be5+ Kb6 60. Rf8 Kxc6 61. Rc8+ Kd5 62. Rxc2 Kxe5 1/2-1/2

[Event "Serbia op-A"]
[Site "Belgrade"]
[Date "2025.07.14"]
[Round "3"]
[White "Buyankhishig, Batpelden"]
[Black "Durucay, Uygar"]
[Result "1-0"]
[WhiteElo "2015"]
[BlackElo "2125"]
[PlyCount "115"]
[EventDate "2025.07.14"]
[EventType "swiss"]
[EventRounds "9"]
[EventCountry "SRB"]
[SourceTitle "CB30_2025"]
[SourceDate "2025.07.23"]
[SourceVersion "1"]
[SourceVersionDate "2025.07.23"]
[SourceQuality "1"]

1. d4 d5 2. c4 dxc4 3. e3 e5 4. Bxc4 Nc6 5. Nf3 e4 6. Nfd2 Qg5 7. Nxe4 Qxg2 8. Ng3 Qh3 9. Nc3 Bd6 10. Nce4 Bxg3 11. Bxf7+ Ke7 12. Bxg8 Bd6 13. Nxd6 Bg4 14. Qb3 Rhxg8 15. Qf7+ Kxd6 16. e4 g5 17. e5+ Nxe5 18. dxe5+ Kxe5 19. Qe7+ Kd5 20. Be3 Rae8 21. Qa3 Ke6 22. Rc1 Kd7 23. Qc5 Qg2 24. Kd2 c6 25. Rhg1 Qf3 26. Qd4+ Kc7 27. Qxg4 Qd5+ 28. Kc2 Qxa2 29. Ra1 Qf7 30. Rxa7 Re5 31. Qg3 Qc4+ 32. Kb1 Qe4+ 33. Ka1 Rd8 34. Ra5 Rdd5 35. Rxd5 Qxd5 36. f4 Re4 37. fxg5+ Kc8 38. Qh3+ Kb8 39. Qg3+ Kc8 40. Rc1 Ra4+ 41. Kb1 Qa2+ 42. Kc2 Rc4+ 43. Kd3 Rb4 44. Rc2 Qb1 45. Qf3 Rb5 46. Qf8+ Kd7 47. Qf7+ Kd8 48. Qg8+ Kd7 49. Qxh7+ Ke8 50. Qh8+ Kd7 51. Kc3 Rd5 52. Qg7+ Kc8 53. Qf8+ Rd8 54. Qf5+ Rd7 55. Kb3 Qe1 56. Bb6 Qe8 57. Rd2 Qg8+ 58. Ka3 1-0

[Event "Paracin op-A 18th"]
[Site "Paracin"]
[Date "2025.07.04"]
[Round "1"]
[White "Buyankhishig, Batpelden"]
[Black "Boci, Mateo"]
[Result "1-0"]
[WhiteElo "2015"]
[BlackElo "2263"]
[PlyCount "165"]
[EventDate "2025.07.04"]
[EventType "swiss"]
[EventRounds "9"]
[EventCountry "SRB"]
[SourceTitle "CB29_2025"]
[SourceDate "2025.07.16"]
[SourceVersion "1"]
[SourceVersionDate "2025.07.16"]
[SourceQuality "1"]

1. d4 Nf6 2. c4 e6 3. Nf3 d5 4. Nc3 dxc4 5. e4 b5 6. e5 Nd5 7. Nxb5 Nb6 8. Be2 Nc6 9. 0-0 Bb7 10. Be3 Qd7 11. Rc1 Nb4 12. Nc3 Be7 13. Nd2 0-0 14. a3 Qc6 15. Nce4 N4d5 16. Bxc4 Nxc4 17. Rxc4 Qb6 18. Qg4 Kh8 19. Nc5 Bxc5 20. Rxc5 Ba6 21. Rb1 Bd3 22. Nc4 Qb8 23. Qd1 Bxb1 24. Qxb1 Nxe3 25. fxe3 Qb3 26. Qc1 Rab8 27. h3 h6 28. Kh2 Kg8 29. Qd2 c6 30. Qa5 Rb5 31. Qxa7 Rxc5 32. Qxc5 Rc8 33. a4 Qxa4 34. Nb6 Qa6 35. Nxc8 Qxc8 36. b4 Qa6 37. Qe7 g6 38. e4 Qe2 39. Qe8+ Kg7 40. Qxc6 Qd2 41. Qc4 Qf4+ 42. Kh1 Qxe4 43. b5 Qb1+ 44. Kh2 Qb2 45. Qc5 Qd2 46. b6 Qf4+ 47. Kg1 Qe3+ 48. Kh1 Qe1+ 49. Kh2 h5 50. b7 h4 51. Qa3 Qb1 52. Qf3 Qb6 53. Qf6+ Kg8 54. Qe7 Qb3 55. Qd8+ Kg7 56. Qf6+ Kg8 57. Qf3 Qb2 58. Qe4 Qb3 59. Kg1 Qd1+ 60. Kf2 Qd2+ 61. Kf3 Qc3+ 62. Ke2 Qb2+ 63. Kd1 Qb3+ 64. Kc1 Qa3+ 65. Kc2 Qa4+ 66. Kc3 Qb5 67. Qf3 Kf8 68. Kc2 Qc4+ 69. Qc3 Qe2+ 70. Kb3 Qd1+ 71. Qc2 Qxd4 72. b8Q+ Kg7 73. Qd6 Qe3+ 74. Kb2 Qe1 75. Qd4 Qa5 76. Qf4 Qb5+ 77. Kc1 Qb7 78. Qf6+ Kh7 79. Qxh4+ Kg7 80. Qf6+ Kh7 81. Qc4 Kg8 82. Qd8+ Kg7 83. Qcc8 1-0

[Event "Asia-ch (Women)"]
[Site "Al Ain"]
[Date "2025.05.12"]
[Round "6"]
[White "Boshra, Alshaeby"]
[Black "Buyankhishig, Batpelden"]
[Result "1/2-1/2"]
[WhiteElo "1971"]
[BlackElo "2081"]
[PlyCount "117"]
[EventDate "2025.05.07"]
[EventType "swiss"]
[EventRounds "9"]
[EventCountry "UAE"]
[SourceTitle "CB21_2025"]
[SourceDate "2025.05.21"]
[SourceVersion "1"]
[SourceVersionDate "2025.05.21"]
[SourceQuality "1"]

1. e4 e5 2. Nf3 Nc6 3. Bb5 a6 4. Ba4 Nf6 5. 0-0 Be7 6. Bxc6 dxc6 7. d3 Bd6 8. Nbd2 Bg4 9. Nc4 Qe7 10. Na5 0-0-0 11. c3 Bc5 12. Qe2 Nd7 13. b4 Bb6 14. Nc4 Qf6 15. a4 h5 16. Be3 Rhe8 17. b5 Bxf3 18. gxf3 Bxe3 19. Qxe3 cxb5 20. axb5 axb5 21. Ra8+ Nb8 22. Qa7 Kd7 23. Ne3 Qa6 24. Ra1 Qxa7 25. R8xa7 Kc6 26. c4 Na6 27. Nd5 bxc4 28. R1xa6+ bxa6 29. Rxc7+ Kd6 30. dxc4 Rc8 31. c5+ Ke6 32. Ra7 Rxc5 33. Rxa6+ Kd7 34. Ra7+ Kd6 35. Rxf7 Rg8 36. Rf5 h4 37. Kg2 Ke6 38. Rg5 g6 39. f4 exf4 40. Nxf4+ Kd6 41. Nd5 Ke6 42. Nf4+ Kd6 43. Nd5 Ra5 44. e5+ Kxd5 45. e6+ Kxe6 46. Rxa5 Rf8 47. Ra6+ Kf5 48. Ra5+ Kf4 49. Ra4+ Kg5 50. h3 Rf5 51. Rb4 Ra5 52. Rc4 Ra3 53. Rb4 Kh5 54. Rb5+ g5 55. Rb4 Ra5 56. Rc4 Rf5 57. Ra4 Rf8 58. Rb4 Rg8 59. Rg4 1/2-1/2

[Event "Asia-ch (Women)"]
[Site "Al Ain"]
[Date "2025.05.07"]
[Round "1"]
[White "Buyankhishig, Batpelden"]
[Black "Kairbekova, Amina"]
[Result "1-0"]
[WhiteElo "2081"]
[BlackElo "2344"]
[PlyCount "105"]
[EventDate "2025.05.07"]
[EventType "swiss"]
[EventRounds "9"]
[EventCountry "UAE"]
[SourceTitle "CB21_2025"]
[SourceDate "2025.05.21"]
[SourceVersion "1"]
[SourceVersionDate "2025.05.21"]
[SourceQuality "1"]

1. d4 Nf6 2. c4 g6 3. Nc3 Bg7 4. e4 d6 5. Be2 0-0 6. Nf3 e5 7. 0-0 h6 8. dxe5 dxe5 9. Qc2 Nc6 10. Nd5 Bg4 11. Be3 Bxf3 12. Bxf3 Nd7 13. Bg4 Nf6 14. Bh3 Nh7 15. Bc5 Nd4 16. Qd3 Re8 17. f4 c6 18. fxe5 cxd5 19. Qxd4 dxe4 20. Bd6 Ng5 21. Bg4 h5 22. Be2 h4 23. h3 b6 24. Rad1 Qc8 25. b4 a5 26. b5 Qb7 27. Qe3 Bh6 28. Qf2 Ne6 29. Qxh4 Bg7 30. Bg4 Rac8 31. Rc1 a4 32. Qf2 Bh6 33. Rc3 e3 34. Qh4 Bg5 35. Qg3 Bh6 36. Bf3 Qa7 37. Bd5 e2 38. Re1 Bd2 39. Rf3 Bxe1 40. Qxe1 Qd7 41. Rf6 Kg7 42. Qxe2 Nd8 43. Qe3 Qa7 44. Qg5 Ne6 45. Bxe6 Rxe6 46. Rxe6 fxe6 47. Be7 Qa5 48. Qf6+ Kh7 49. Qh4+ Kg8 50. Bf6 Qb4 51. Qh8+ Kf7 52. Qg7+ Ke8 53. Qg8+ 1-0

[Event "Eastern Asia zt 3.3 (Women)"]
[Site "Ulaanbaatar"]
[Date "2025.04.26"]
[Round "4"]
[White "Buyankhishig, Batpelden"]
[Black "Munkhzul, Turmunkh"]
[Result "0-1"]
[WhiteElo "2081"]
[BlackElo "2301"]
[PlyCount "117"]
[EventDate "2025.04.23"]
[EventType "swiss"]
[EventRounds "9"]
[EventCountry "MGL"]
[SourceTitle "CB20_2025"]
[SourceDate "2025.05.14"]
[SourceVersion "1"]
[SourceVersionDate "2025.05.14"]
[SourceQuality "1"]

1. d4 Nf6 2. c4 e6 3. Nf3 d5 4. Nc3 Bb4 5. Qa4+ Nc6 6. e3 0-0 7. Qc2 Re8 8. a3 Bf8 9. cxd5 exd5 10. h3 Ne7 11. Bd3 Ng6 12. 0-0 c6 13. b4 a6 14. Na4 Ne4 15. Nc5 Nh4 16. Nxh4 Qxh4 17. f4 Nd6 18. Qf2 Qxf2+ 19. Kxf2 b6 20. Na4 Rb8 21. Bd2 Nc4 22. Rfd1 b5 23. Bxc4 bxc4 24. Nc5 Bxc5 25. dxc5 Bf5 26. Bc3 f6 27. g4 Bc2 28. Rg1 Kf7 29. g5 Bf5 30. h4 h5 31. gxh6 gxh6 32. h5 Rg8 33. Rxg8 Rxg8 34. Rg1 Rxg1 35. Kxg1 Bg4 36. Kf2 Bxh5 37. a4 Ke6 38. Kg3 Kf5 39. a5 Be8 40. Kf3 Bh5+ 41. Kf2 Bg4 42. Kg3 h5 43. Bb2 Ke4 44. Bd4 Kd3 45. Kh4 c3 46. Bxf6 c2 47. Bb2 Kxe3 48. Kg5 Ke4 49. Bc1 d4 50. b5 cxb5 51. c6 Kd5 52. c7 Kc6 53. f5 Kxc7 54. f6 Be6 55. Kxh5 b4 56. Kg6 b3 57. f7 Bxf7+ 58. Kxf7 d3 59. Ke6 0-1

[Event "Titled Tuesday intern op 28th Jan Early"]
[Site "Chess.com INT"]
[Date "2025.01.28"]
[Round "5"]
[White "Buyankhishig, Batpelden"]
[Black "Goh, Zi Han"]
[Result "0-1"]
[WhiteElo "1908"]
[BlackElo "2275"]
[PlyCount "114"]
[EventDate "2025.01.28"]
[EventType "swiss (blitz)"]
[EventRounds "11"]
[EventCountry "USA"]
[SourceTitle "CB06_2025"]
[SourceDate "2025.02.05"]
[SourceVersion "1"]
[SourceVersionDate "2025.02.05"]
[SourceQuality "1"]

1. d4 Nf6 2. c4 g6 3. Nc3 Bg7 4. e4 d6 5. Nf3 0-0 6. Be2 e5 7. 0-0 a5 8. Be3 Na6 9. a3 exd4 10. Nxd4 Nc5 11. Qc2 Re8 12. f3 a4 13. Rad1 c6 14. Bg5 h6 15. Bh4 Qa5 16. Rfe1 Nh5 17. Bf1 Bd7 18. Bf2 Rad8 19. Nde2 Bc8 20. Ng3 Nf4 21. Qc1 Nfe6 22. f4 Nb3 23. Qe3 Bd4 24. Qf3 Qa7 25. Bxd4 Nexd4 26. Qf2 Bg4 27. Rd3 Ra8 28. h3 Be6 29. Rdd1 Bd7 30. f5 Re5 31. Nge2 Nxe2+ 32. Rxe2 Qxf2+ 33. Rxf2 gxf5 34. exf5 Bxf5 35. Rxd6 Bg6 36. Rd7 Nc5 37. Rc7 Rae8 38. g3 Re1 39. Kh2 R8e3 40. Bg2 Kg7 41. Rd2 Nd3 42. Nxa4 b5 43. cxb5 cxb5 44. Nc3 b4 45. Nd5 R3e2 46. Rxd3 Bxd3 47. Nf4 Rd2 48. Nxd3 Rxd3 49. axb4 Rd2 50. h4 Ree2 51. Kh3 Rxg2 52. b5 Rxb2 53. Rb7 Rh2+ 54. Kg4 Rhc2 55. b6 Rc4+ 56. Kh3 Rcb4 57. Rc7 Rxb6 0-1

[Event "Titled Tuesday intern op 28th Jan Early"]
[Site "Chess.com INT"]
[Date "2025.01.28"]
[Round "8"]
[White "Buyankhishig, Batpelden"]
[Black "Kambrath, Yannick"]
[Result "1-0"]
[WhiteElo "1908"]
[BlackElo "2379"]
[PlyCount "81"]
[EventDate "2025.01.28"]
[EventType "swiss (blitz)"]
[EventRounds "11"]
[EventCountry "USA"]
[SourceTitle "CB06_2025"]
[SourceDate "2025.02.05"]
[SourceVersion "1"]
[SourceVersionDate "2025.02.05"]
[SourceQuality "1"]

1. d4 d5 2. c4 e6 3. Nc3 Nf6 4. Bg5 Be7 5. e3 h6 6. Bh4 0-0 7. Rc1 c6 8. Nf3 Ne4 9. Bxe7 Qxe7 10. Bd3 Nxc3 11. Rxc3 dxc4 12. Bxc4 Nd7 13. 0-0 b6 14. Bd3 Bb7 15. Be4 Rac8 16. Nd2 Nf6 17. Bf3 Rfd8 18. Qc2 Nd5 19. Bxd5 Rxd5 20. Rc1 Qg5 21. Nf3 Qe7 22. e4 Rdd8 23. Qa4 a6 24. Qb3 b5 25. Rc5 a5 26. Qa3 a4 27. Qe3 Qd6 28. a3 Rd7 29. Ne5 Rdd8 30. Nf3 Rd7 31. e5 Qe7 32. Nd2 Rd5 33. Ne4 Rxc5 34. Rxc5 Rd8 35. Nd6 Ba8 36. Qc3 Rxd6 37. exd6 Qxd6 38. h3 Bb7 39. Qb4 Bc8 40. Rc3 Bd7 41. Qxd6 1-0

[Event "Titled Tuesday intern op 14th Jan Early"]
[Site "Chess.com INT"]
[Date "2025.01.14"]
[Round "11"]
[White "Buyankhishig, Batpelden"]
[Black "Ersoz, Teoman Guney"]
[Result "0-1"]
[WhiteElo "1908"]
[BlackElo "2084"]
[PlyCount "66"]
[EventDate "2025.01.14"]
[EventType "swiss (blitz)"]
[EventRounds "11"]
[EventCountry "USA"]
[SourceTitle "CB04_2025"]
[SourceDate "2025.01.22"]
[SourceVersion "1"]
[SourceVersionDate "2025.01.22"]
[SourceQuality "1"]

1. d4 d5 2. c4 e6 3. Nc3 Nf6 4. Bg5 Nbd7 5. e3 Be7 6. Nf3 c6 7. Rc1 Qa5 8. cxd5 exd5 9. Bd3 Ne4 10. Bxe7 Kxe7 11. 0-0 Ndf6 12. Qc2 Nxc3 13. bxc3 Be6 14. c4 Rhd8 15. Rb1 Rab8 16. Ne5 Kf8 17. c5 Kg8 18. f4 Bd7 19. Rb2 Ne4 20. Bxe4 dxe4 21. Qxe4 Be6 22. f5 Bd5 23. Qh4 Qc3 24. Rc2 Qxc2 25. Rf2 Qc1+ 26. Rf1 Qxe3+ 27. Kh1 Qe2 28. Rg1 f6 29. Ng4 Re8 30. Qg3 Kh8 31. h4 Qe4 32. h5 Qxf5 33. Qh3 Be6 0-1

[Event "Titled Tuesday intern op 14th Jan Early"]
[Site "Chess.com INT"]
[Date "2025.01.14"]
[Round "6"]
[White "Buyankhishig, Batpelden"]
[Black "Przybylski, Bartosz1"]
[Result "0-1"]
[WhiteElo "1908"]
[BlackElo "2090"]
[PlyCount "86"]
[EventDate "2025.01.14"]
[EventType "swiss (blitz)"]
[EventRounds "11"]
[EventCountry "USA"]
[SourceTitle "CB04_2025"]
[SourceDate "2025.01.22"]
[SourceVersion "1"]
[SourceVersionDate "2025.01.22"]
[SourceQuality "1"]

1. d4 d6 2. e4 Nf6 3. Nc3 e5 4. Nf3 exd4 5. Nxd4 Be7 6. Bc4 0-0 7. 0-0 c6 8. a4 d5 9. exd5 cxd5 10. Ba2 Nc6 11. Bg5 h6 12. Bh4 Qb6 13. Ndb5 d4 14. Bxf6 Bxf6 15. Nd5 Qd8 16. Nbc7 Rb8 17. Nxf6+ Qxf6 18. Nd5 Qd6 19. Qf3 Be6 20. Rfe1 Rbd8 21. Nf4 Bxa2 22. Rxa2 Nb4 23. Raa1 Nxc2 24. Rad1 Nxe1 25. Rxe1 Rfe8 26. Rd1 Qb4 27. h3 Qxb2 28. Qg3 d3 29. Rxd3 Rxd3 30. Nxd3 Qb3 31. Qd6 Qxa4 32. Kh2 Qa5 33. Qd7 Qd8 34. Qb5 a6 35. Qb3 b5 36. Nf4 Qd6 37. g3 b4 38. Qa4 Rb8 39. Qb3 a5 40. Nh5 a4 41. Qb2 Qg6 42. Nf4 Qf6 43. Qd2 b3 0-1

[Event "Titled Tuesday intern op 14th Jan Early"]
[Site "Chess.com INT"]
[Date "2025.01.14"]
[Round "5"]
[White "Pajeken, Jakob Leon"]
[Black "Buyankhishig, Batpelden"]
[Result "1-0"]
[WhiteElo "2426"]
[BlackElo "1908"]
[PlyCount "93"]
[EventDate "2025.01.14"]
[EventType "swiss (blitz)"]
[EventRounds "11"]
[EventCountry "USA"]
[SourceTitle "CB04_2025"]
[SourceDate "2025.01.22"]
[SourceVersion "1"]
[SourceVersionDate "2025.01.22"]
[SourceQuality "1"]

1. Nf3 d5 2. e3 Nf6 3. c4 e6 4. Nc3 Bd6 5. g4 h6 6. h4 Nc6 7. Rg1 dxc4 8. Bxc4 e5 9. g5 hxg5 10. hxg5 Ng4 11. g6 fxg6 12. Ne4 Bf5 13. d3 Qd7 14. Nfg5 0-0-0 15. Nxd6+ Qxd6 16. Nf7 Qf6 17. Nxd8 Nxf2 18. Qf3 Nh3 19. Rg3 Nxd8 20. Bd2 Ng5 21. Qg2 Rh5 22. e4 Bh3 23. Bxg5 Bxg2 24. Bxf6 gxf6 25. 0-0-0 Bh3 26. Rxg6 Be6 27. Rxf6 Bxc4 28. dxc4 Rh8 29. Rdf1 Nc6 30. Rf8+ Rxf8 31. Rxf8+ Kd7 32. Kd2 Kd6 33. Kc3 Nd4 34. Rf6+ Ne6 35. c5+ Ke7 36. Rf5 Nxc5 37. Rxe5+ Kd6 38. Rd5+ Kc6 39. Kd4 Ne6+ 40. Ke5 Nc5 41. Rxc5+ Kxc5 42. Kf6 a5 43. e5 b5 44. e6 a4 45. a3 b4 46. e7 bxa3 47. bxa3 1-0

[Event "Wch U12 Girls"]
[Site "Montesilvano"]
[Date "2024.11.26"]
[Round "11"]
[White "Xue, Tianhao"]
[Black "Buyankhishig, Batpelden"]
[Result "1-0"]
[WhiteElo "1835"]
[BlackElo "1867"]
[PlyCount "73"]
[EventDate "2024.11.15"]
[EventType "swiss"]
[EventRounds "11"]
[EventCountry "ITA"]
[SourceTitle "CB48_2024"]
[SourceDate "2024.11.28"]
[SourceVersion "1"]
[SourceVersionDate "2024.11.28"]
[SourceQuality "1"]

1. e4 e5 2. Nf3 Nc6 3. Bb5 a6 4. Ba4 Nf6 5. 0-0 Be7 6. Re1 b5 7. Bb3 d6 8. c3 0-0 9. d4 Bg4 10. Be3 exd4 11. cxd4 Na5 12. Bc2 Nc4 13. Bc1 d5 14. e5 Ne4 15. b3 Nb6 16. Bxe4 dxe4 17. Rxe4 Bxf3 18. gxf3 f5 19. Re1 Bb4 20. Rf1 Qh4 21. a3 Be7 22. f4 Rad8 23. b4 Kh8 24. Nc3 g5 25. d5 Qh3 26. f3 gxf4 27. Qe2 Nxd5 28. Nxd5 Rxd5 29. Bb2 Qh6 30. Kh1 Qe6 31. Rg1 Rdd8 32. Rac1 c6 33. Qc2 Rc8 34. Rcd1 Rfd8 35. Rxd8+ Rxd8 36. Qxc6 Qxc6 37. e6+ 1-0

[Event "Wch U12 Girls"]
[Site "Montesilvano"]
[Date "2024.11.20"]
[Round "6"]
[White "Amanzhol, Khanzada"]
[Black "Buyankhishig, Batpelden"]
[Result "1/2-1/2"]
[WhiteElo "1780"]
[BlackElo "1867"]
[PlyCount "79"]
[EventDate "2024.11.15"]
[EventType "swiss"]
[EventRounds "11"]
[EventCountry "ITA"]
[SourceTitle "CB48_2024"]
[SourceDate "2024.11.28"]
[SourceVersion "1"]
[SourceVersionDate "2024.11.28"]
[SourceQuality "1"]

1. e4 e5 2. Nf3 Nc6 3. d4 exd4 4. Nxd4 Nf6 5. Nc3 Bb4 6. Nxc6 bxc6 7. Bd3 d5 8. exd5 cxd5 9. 0-0 0-0 10. h3 Be6 11. Qf3 Rb8 12. Bf4 Bd6 13. b3 c5 14. Rad1 Bxf4 15. Qxf4 Qa5 16. Ne2 Rb4 17. Qe5 Re8 18. Qg5 h6 19. Qd2 Qxa2 20. Ra1 Qb2 21. Nc3 Rxb3 22. Na4 Rxd3 23. Qxd3 Qd4 24. Qxd4 cxd4 25. Rfd1 Rc8 26. Rac1 Rc4 27. Nb2 Rb4 28. Nd3 Ra4 29. Ra1 Rc4 30. Rxa7 Rxc2 31. f3 Nh5 32. Ra4 Ng3 33. Kh2 Ne2 34. Ne1 Rb2 35. Nd3 Rc2 36. Ne1 Rb2 37. Nd3 Rc2 38. Ne1 Rb2 39. Nd3 Rc2 40. Ne1 1/2-1/2

[Event "Wch U12 Girls"]
[Site "Montesilvano"]
[Date "2024.11.18"]
[Round "4"]
[White "Buyankhishig, Batpelden"]
[Black "Harutyunyan, Gabriela"]
[Result "1-0"]
[WhiteElo "1867"]
[BlackElo "1730"]
[PlyCount "75"]
[EventDate "2024.11.15"]
[EventType "swiss"]
[EventRounds "11"]
[EventCountry "ITA"]
[SourceTitle "CB48_2024"]
[SourceDate "2024.11.28"]
[SourceVersion "1"]
[SourceVersionDate "2024.11.28"]
[SourceQuality "1"]

1. d4 d5 2. c4 e6 3. Nc3 c5 4. cxd5 cxd4 5. Qa4+ Bd7 6. Qxd4 exd5 7. Nxd5 Nc6 8. Qd1 Nf6 9. Nf3 Nxd5 10. Qxd5 Bb4+ 11. Bd2 0-0 12. e3 Qe7 13. Be2 Rad8 14. 0-0 Be6 15. Bxb4 Nxb4 16. Qe4 Nd5 17. Rfd1 Qf6 18. Nd4 Rde8 19. Bf3 Nb6 20. Qxb7 Re7 21. Qa6 Bc8 22. Qe2 Rfe8 23. Rac1 Bd7 24. b3 Qg6 25. a4 Re5 26. Nc6 Bxc6 27. Rxc6 f6 28. Qa6 Rf5 29. Be2 Rg5 30. Bf1 Qe4 31. Rcd6 Qe7 32. a5 Nc8 33. Bc4+ Kh8 34. Re6 Qf8 35. Rxe8 Qxe8 36. Qc6 Re5 37. Qc7 Qf8 38. Bb5 1-0

[Event "Wch U12 Girls"]
[Site "Montesilvano"]
[Date "2024.11.16"]
[Round "2"]
[White "Buyankhishig, Batpelden"]
[Black "Ivaschenko, Anna"]
[Result "1-0"]
[WhiteElo "1867"]
[BlackElo "1732"]
[PlyCount "95"]
[EventDate "2024.11.15"]
[EventType "swiss"]
[EventRounds "11"]
[EventCountry "ITA"]
[SourceTitle "CB48_2024"]
[SourceDate "2024.11.28"]
[SourceVersion "1"]
[SourceVersionDate "2024.11.28"]
[SourceQuality "1"]

1. d4 Nf6 2. c4 e6 3. Nc3 Bb4 4. e3 0-0 5. Bd3 Re8 6. Nf3 Bxc3+ 7. bxc3 d6 8. 0-0 Nbd7 9. e4 e5 10. Qc2 b6 11. Bg5 h6 12. Bd2 Nf8 13. Nh4 g5 14. Nf5 Bxf5 15. exf5 Qd7 16. f3 N8h7 17. h4 Kh8 18. hxg5 hxg5 19. Rae1 Nh5 20. Kf2 f6 21. Be4 Rad8 22. Rh1 Ng7 23. Bd5 c6 24. Rxh7+ Kxh7 25. Rh1+ Nh5 26. Rxh5+ Kg7 27. Be6 Qe7 28. Bxg5 Rh8 29. Rxh8 Rxh8 30. Be3 Qe8 31. Qe4 Rh1 32. Qg4+ Kh8 33. c5 bxc5 34. dxe5 dxe5 35. Bxc5 Qd8 36. Bd6 Rh7 37. Qb4 a5 38. Qc5 Qa8 39. Bxe5 Qd8 40. Qd4 Qxd4+ 41. Bxd4 Kg7 42. g4 Kf8 43. Bxf6 c5 44. g5 c4 45. g6 Rf7 46. Bxf7 a4 47. Be6 Ke8 48. g7 1-0

[Event "Swiss Queens Wed #38"]
[Site "FIDE Online Arena INT"]
[Date "2024.10.16"]
[Round "6"]
[White "Buyankhishig, Batpelden"]
[Black "Blinova, Sofia"]
[Result "0-1"]
[WhiteElo "1866"]
[BlackElo "1732"]
[PlyCount "58"]
[EventDate "2024.10.16"]
[EventType "swiss (blitz)"]
[EventRounds "11"]
[EventCountry "NET"]
[SourceTitle "CB43_2024"]
[Source "Chessbase"]
[SourceDate "2024.10.23"]
[SourceVersion "1"]
[SourceVersionDate "2024.10.23"]
[SourceQuality "1"]

1. e4 c6 2. d4 d5 3. e5 Bf5 4. Nd2 e6 5. Nb3 Nd7 6. Nf3 c5 7. dxc5 Nxc5 8. Nxc5 Bxc5 9. Bb5+ Kf8 10. 0-0 Ne7 11. Nd4 Bg6 12. Bg5 Qb6 13. Bxe7+ Kxe7 14. Qe2 Bxd4 15. c3 Bxe5 16. Qxe5 Qxb5 17. f4 Qb6+ 18. Kh1 Qd6 19. Qxg7 Rag8 20. Qd4 Be4 21. Rf2 Qb6 22. Qd2 Rg6 23. Re1 Rhg8 24. Rg1 h5 25. h3 Rg3 26. Kh2 Qe3 27. Qxe3 Rxe3 28. g4 hxg4 29. hxg4 Rh8# 0-1